000 00559nam a2200229 a 4500
001 14205
003 BD-JhCC
005 20250213080222.0
008 250209b2024 e a|||| ||a| 000 0 eng d
020 _a9780063396548
035 _a(BD-JhCC)14205
040 _aBD-JhCC
_dBD-JhCC
041 _aenglish
082 _a823
_bPAU 2024
100 _a Coelho,Paulo
245 _aMaktub /
_cPaulo Coelho.
260 _aLondon:
_bHarperCollins Publishers,;
_c2024.
300 _a58 p .
_c21 cm.
650 _aEnglish fiction
942 _2ddc
_cBK
999 _c14205
_d14205